名前に「々」がつく駅 - Statistics

General Stats
  • This quiz has been taken 141 times
  • The average score is 14 of 29
Answer Stats
Hint Answer % Correct
中央本線山手線 都営大江戸線 代々木
94%
東京メトロ千代田線小田急小田原線 代々木上原
89%
東京メトロ千代田線 代々木公園
81%
小田急小田原線 代々木八幡
77%
成田線 酒々井
76%
松浦鉄道 佐々
66%
東急大井町線 等々力
61%
IRいしかわ鉄道 野々市
61%
北陸鉄道石川線 野々市
61%
京成本線 京成酒々井
59%
東北本線 間々田
58%
白新線 佐々木
55%
アルピコ交通上高地線 新島々
55%
総武本線 南酒々井
51%
高山本線 久々野
42%
わたらせ渓谷鉄道 大間々
42%
宇野線 久々原
37%
東武伊勢崎線 多々良
35%
長崎本線 喜々津
33%
北陸鉄道石川線 野々市工大前
31%
北上線 相野々
28%
日豊本線 美々津
28%
日豊本線 土々呂
25%
三岐鉄道三岐線 保々
23%
津山線 野々口
19%
土讃線 襟野々
19%
広島電鉄宮島線 楽々園
19%
熊本電気鉄道菊池線 韓々坂
15%
指宿枕崎線 瀬々串
13%
No matching quizzes found
Score Distribution
Percent of People with Each Score
Percentile by Number Answered
Your Score History
You have not taken this quiz